000 00714nam1a22002171i 4500
001 rc\2826244
005 20240726063519.0
035 _a(NLR Aleph) 006984398
090 _a5564411
_c5564411
100 _a20110623d1931 |||y0rusy50 ca
101 0 _arus
102 _aRU
105 _ay z |||||
200 1 _aБюллетень
_e№ 1 -
_fСССР ....
210 _aУральск
_cБ. и.
_d1931
_gгостип. "им. Луначарского"
215 _d25 см
710 0 2 _aВсесоюзный научно-исследовательский институт овцеводства
_cСтаврополь
801 0 _aRU
_bNLR
_gpsbo
801 1 _aRU
_bELAR
_2rusmarc
852 _aNLR
_j31-19/339
942 _cBOOK